[Event "TCh-CHN Division A 2014"]
[Site "Jiangmen CHN"]
[Date "2014.12.06"]
[Round "19.5"]
[White "Ding, Yixin"]
[Black "Ju, Wenjun"]
[Result "1/2-1/2"]
[WhiteTitle "WGM"]
[BlackTitle "WGM"]
[WhiteElo "2440"]
[BlackElo "2582"]
[WhiteTeam "Zhejiang"]
[BlackTeam "Shanghai"]
[WhiteFideId "8602972"]
[BlackFideId "8603006"]
[EventDate "2014.04.12"]

1. e4 c5 2. Nf3 d6 3. d4 cxd4 4. Nxd4 Nf6 5. Nc3 a6 6. h3 e6 7. g4 d5 8. exd5
Nxd5 9. Nde2 Bb4 10. Bg2 O-O 11. O-O Nxc3 12. Nxc3 Qc7 13. Qf3 Bd6 14. Be3 Be5
15. Rad1 Bxc3 16. bxc3 Qxc3 17. Qf4 e5 18. Qa4 Qc7 19. Qa3 Nc6 20. Bc5 Re8 21.
Bd6 Qa5 22. Qxa5 Nxa5 23. Rfe1 Be6 24. Rxe5 Nc6 25. Bxc6 bxc6 26. a3 h6 27. Kh2
Bd5 28. Ree1 Rad8 29. Bf4 Rxe1 30. Rxe1 Be6 31. Be3 Rd5 32. Kg3 Ra5 33. Ra1 Ra4
34. c3 Rc4 35. Rc1 Ra4 36. Ra1 Rc4 37. Rc1 1/2-1/2

[Event "TCh-CHN Division A 2014"]
[Site "Jiangmen CHN"]
[Date "2014.12.06"]
[Round "19.5"]
[White "Zhu, Jiner"]
[Black "Zhang, Xiaowen"]
[Result "1-0"]
[BlackTitle "WGM"]
[WhiteElo "1922"]
[BlackElo "2355"]
[WhiteTeam "Zhejiang"]
[BlackTeam "Shanghai"]
[WhiteFideId "8608059"]
[BlackFideId "8603219"]
[EventDate "2014.04.12"]

1. e4 e6 2. d4 d5 3. Nc3 Nf6 4. e5 Nfd7 5. f4 c5 6. Nf3 Be7 7. Be3 b6 8. Qd2 O-O
9. Be2 Nc6 10. O-O f5 11. Kh1 Bb7 12. Rg1 cxd4 13. Nxd4 Nxd4 14. Bxd4 Bc5 15.
Bf3 Bxd4 16. Qxd4 Rc8 17. Rad1 Kh8 18. Qe3 Qe7 19. Rd2 Qb4 20. Nd1 g5 21. Rd4
gxf4 22. Qxf4 Qe7 23. c4 Qg7 24. Re1 Rg8 25. Nc3 Rxc4 26. Rxc4 dxc4 27. Bxb7 Nc5
28. Bf3 Nd3 29. Qd2 Nxe1 30. Qxe1 Rc8 31. Nb5 Rc5 32. Nd6 Kg8 33. Qh4 Rxe5 34.
Nxc4 Rc5 35. h3 b5 36. Ne3 Rc1+ 37. Nd1 Rc8 38. Qb4 Qe5 39. Nf2 Rc1+ 40. Nd1 Rc8
41. Qd2 f4 42. Nc3 Qe3 43. Qxe3 fxe3 44. Bg4 b4 45. Nd1 Rc2 46. Nxe3 Rxb2 47.
Bxe6+ Kg7 48. Bb3 a5 49. Nc4 Rf2 50. Nxa5 Kf6 51. Nc6 Rf4 52. g3 Re4 53. Bd5 Re2
54. Nxb4 Ke5 55. Bg2 Kd4 56. a4 Rb2 57. Nc6+ Kc5 58. a5 Kb5 59. g4 Ra2 60. Kh2
Ra3 61. h4 Rc3 62. g5 Re3 63. h5 Rc3 64. g6 Rc5 65. Bf3 hxg6 66. hxg6 Rg5 67.
Ne7 Kxa5 68. Kh3 Kb6 69. Kh4 Rg1 70. Bg4 1-0

[Event "TCh-CHN Division A 2014"]
[Site "Jiangmen CHN"]
[Date "2014.12.07"]
[Round "20.1"]
[Board "1"]
[White "Wang, Hao"]
[Black "Motylev, Alexander"]
[Result "1-0"]
[WhiteTitle "GM"]
[BlackTitle "GM"]
[WhiteElo "2710"]
[BlackElo "2680"]
[WhiteTeam "Beijing"]
[BlackTeam "Chongqing"]
[WhiteFideId "8602883"]
[BlackFideId "4121830"]
[EventDate "2014.04.12"]

1. c4 c6 2. d4 d5 3. Nf3 Nf6 4. e3 Bg4 5. Nc3 e6 6. Qb3 Qb6 7. Nh4 Bh5 8. h3 Na6
9. g4 Qxb3 10. axb3 Nb4 11. Kd1 Bg6 12. Nxg6 hxg6 13. g5 Ne4 14. Nxe4 dxe4 15.
Rg1 f5 16. gxf6 gxf6 17. Rxg6 Kf7 18. Rg3 Bd6 19. f4 Rag8 20. Rxg8 Rxg8 21. Rxa7
Rg1 22. Ke2 Nd3 23. Bd2 f5 24. Rxb7+ Be7 25. b4 Rh1 26. b5 cxb5 27. cxb5 Rh2+
28. Kd1 Rh1 29. Ke2 Rh2+ 30. Kd1 Rh1 31. b6 Rxf1+ 32. Kc2 Rf2 33. Rc7 Nb4+ 34.
Kd1 Nd5 35. b7 Nxc7 36. b8=Q Nd5 37. Qh8 Rg2 38. Ke1 Rh2 39. Qh7+ Kf8 40. Qg6
Rh1+ 41. Ke2 Rh2+ 42. Kd1 Rh1+ 43. Kc2 Rh2 44. Qxe6 Nxe3+ 45. Kc3 Nd1+ 46. Kc4
Rxd2 47. Qxf5+ Kg7 48. Qg4+ Kf8 49. Qc8+ Kg7 50. Kd5 Bf6 51. Qg4+ Kh6 52. Ke6
Ne3 53. Qg3 Rd3 54. Kf7 Kh5 55. Qg6+ Kh4 56. Qxe4 1-0

[Event "TCh-CHN Division A 2014"]
[Site "Jiangmen CHN"]
[Date "2014.12.07"]
[Round "20.1"]
[Board "2"]
[White "Xiu, Deshun"]
[Black "Wang, Chen"]
[Result "0-1"]
[WhiteTitle "GM"]
[BlackTitle "IM"]
[WhiteElo "2553"]
[BlackElo "2508"]
[WhiteTeam "Beijing"]
[BlackTeam "Chongqing"]
[WhiteFideId "8603693"]
[BlackFideId "8601020"]
[EventDate "2014.04.12"]

1. c4 e6 2. Nf3 Nf6 3. d4 d5 4. g3 g6 5. Bg2 Bg7 6. O-O O-O 7. Nc3 Nc6 8. Ne5
Nd7 9. cxd5 exd5 10. Nxc6 bxc6 11. b3 Nb6 12. Bb2 a5 13. a4 Bf5 14. Ba3 Re8 15.
e3 Nc8 16. Rc1 Nd6 17. Ne2 Qd7 18. Nf4 Reb8 19. Nd3 Qe8 20. Re1 Ra6 21. Nc5 Rab6
22. Qd2 Nb7 23. e4 dxe4 24. Bxe4 Qc8 25. Nxb7 Bxe4 26. Rxe4 R6xb7 27. Qxa5 Rxb3
28. Bc5 h5 29. Rce1 Rb1 30. h4 Qf5 31. Rxb1 Rxb1+ 32. Re1 Bxd4 33. Rxb1 Qxf2+
34. Kh1 Qf3+ 35. Kh2 Qe2+ 36. Kh3 Qe6+ 37. Kg2 Qe4+ 38. Kh2 Qc2+ 39. Kh3 Qxb1
40. Qa8+ Kh7 0-1

[Event "TCh-CHN Division A 2014"]
[Site "Jiangmen CHN"]
[Date "2014.12.07"]
[Round "20.1"]
[Board "3"]
[White "Yu, Yangyi"]
[Black "Zhou, Weiqi"]
[Result "0-1"]
[WhiteTitle "GM"]
[BlackTitle "GM"]
[WhiteElo "2705"]
[BlackElo "2614"]
[WhiteTeam "Beijing"]
[BlackTeam "Chongqing"]
[WhiteFideId "8603820"]
[BlackFideId "8601674"]
[EventDate "2014.04.12"]

1. e4 e5 2. Nf3 Nc6 3. Bb5 a6 4. Ba4 Nf6 5. O-O Be7 6. Re1 b5 7. Bb3 d6 8. c3
O-O 9. h3 Na5 10. Bc2 c5 11. d4 Nc4 12. d5 Qc7 13. b3 Nb6 14. a4 Bd7 15. a5 Nc8
16. Nbd2 g6 17. Nf1 Nh5 18. Bh6 Re8 19. Qd2 Bf6 20. b4 Bg7 21. Ng3 Nxg3 22. fxg3
c4 23. Rf1 f6 24. Rf2 Ne7 25. Raf1 Rf8 26. Be3 Rae8 27. g4 Qc8 28. Nh4 Rf7 29.
Rf3 Ref8 30. Kh2 Kh8 31. Qf2 Qe8 32. Bd2 Nc8 33. Be3 Ne7 34. Bd2 Nc8 35. Qe3 Kg8
36. R1f2 Qe7 37. g3 Be8 38. Kg2 Bd7 39. Kh2 Be8 40. Kg2 Qa7 41. Qe2 Ne7 42. Kf1
Bd7 43. Ke1 Qb7 44. Kd1 Qc8 45. Kc1 Kh8 46. Kb2 Kg8 47. Rf1 Qe8 48. Qf2 Nc8 49.
Qe3 Qe7 50. R3f2 Qd8 51. Ng2 Qe7 52. Qe2 Qd8 53. Ne3 Ne7 54. h4 h6 55. Nf5 gxf5
56. gxf5 Kh8 57. g4 Ng8 58. Rh2 Re8 59. g5 Bf8 60. Rg1 Rh7 61. Be3 Bc8 62. Qh5
Qd7 63. Rgh1 Rd8 64. Bd1 Qe8 65. Bb6 Qxh5 66. Bxh5 Rdd7 67. Be8 Rb7 68. Bg6 Rhg7
69. Be3 Rxg6 70. fxg6 Rg7 71. gxf6 Rxg6 72. Rf1 Rxf6 73. Rg1 h5 74. Bg5 Rf3 75.
Rgg2 Bg4 76. Rf2 Kg7 77. Kc2 Be7 78. Bxe7 Nxe7 79. Kd2 Rd3+ 0-1

[Event "TCh-CHN Division A 2014"]
[Site "Jiangmen CHN"]
[Date "2014.12.07"]
[Round "20.1"]
[Board "4"]
[White "Tan, Zhongyi"]
[Black "Zhao, Xue"]
[Result "1-0"]
[WhiteTitle "WGM"]
[BlackTitle "GM"]
[WhiteElo "2465"]
[BlackElo "2514"]
[WhiteTeam "Chongqing"]
[BlackTeam "Beijing"]
[WhiteFideId "8603642"]
[BlackFideId "8601283"]
[EventDate "2014.04.12"]

1. c4 Nf6 2. g3 c5 3. Bg2 Nc6 4. Nc3 g6 5. Nf3 Bg7 6. d4 cxd4 7. Nxd4 O-O 8. O-O
Nxd4 9. Qxd4 d6 10. Qd3 Bf5 11. e4 Be6 12. Bd2 Qd7 13. Rfe1 Bh3 14. Bh1 Ng4 15.
Rad1 f5 16. f4 Rae8 17. exf5 Qxf5 18. Qxf5 Ra8 19. Qd3 Rae8 20. Qf5 gxf5 21. Bc1
e5 22. Bd5+ Kh8 23. Bg2 Bxg2 24. Kxg2 exf4 25. Bxf4 Ne5 26. Nb5 Nxc4 27. b3 a6
28. bxc4 axb5 29. Bxd6 Rxe1 30. Rxe1 Ra8 31. cxb5 Rxa2+ 32. Kh3 Bd4 33. Be5+
Bxe5 34. Rxe5 Rf2 35. Re7 b6 36. Rb7 Rb2 37. Rxb6 Kg7 38. Kh4 Rxh2+ 39. Kg5 Rg2
40. Rb7+ Kf8 41. Kf6 Ke8 42. b6 Rxg3 43. Rxh7 Rb3 44. b7 Kd8 45. Kxf5 Rb1 46.
Ke6 Re1+ 47. Kd6 Rd1+ 48. Kc6 Re1 49. Kd6 Rd1+ 50. Kc6 Rc1+ 51. Kb6 Rb1+ 52. Ka7 1-0

[Event "TCh-CHN Division A 2014"]
[Site "Jiangmen CHN"]
[Date "2014.12.07"]
[Round "20.1"]
[Board "5"]
[White "Huang, Qian"]
[Black "Wang, Jue"]
[Result "0-1"]
[WhiteTitle "WGM"]
[BlackTitle "WGM"]
[WhiteElo "2464"]
[BlackElo "2353"]
[WhiteTeam "Chongqing"]
[BlackTeam "Beijing"]
[WhiteFideId "8602689"]
[BlackFideId "8604070"]
[EventDate "2014.04.12"]

1. d4 Nf6 2. c4 g6 3. g3 Bg7 4. Bg2 O-O 5. Nc3 d6 6. e3 e5 7. Nge2 Re8 8. O-O e4
9. Bd2 h5 10. h3 Nbd7 11. Rc1 c6 12. Nf4 Nf8 13. b4 N8h7 14. b5 Bf5 15. bxc6
bxc6 16. Qa4 Bd7 17. Qd1 Ng5 18. Kh2 Bf5 19. Rb1 Qd7 20. Rb3 Bh6 21. Qe2 Bg4 22.
hxg4 hxg4 23. Nxe4 Ngxe4 24. Nd3 Qf5 25. Rh1 Kg7 26. Kg1 Rab8 27. Ne1 a5 28.
Bxe4 Nxe4 29. Rh2 a4 30. Rb4 Rxb4 31. Bxb4 Rb8 32. a3 Ng5 33. Rh4 Nf3+ 34. Nxf3
gxf3 35. Qd1 Bg5 36. e4 Qe6 37. d5 Qf6 38. Rh1 c5 39. Ba5 Rb3 40. Kh2 Rb2 41.
Rf1 Be3 42. Kg1 Bd4 43. Bd2 Rb3 44. Be3 Bxe3 45. fxe3 Rxe3 46. Qa1 f2+ 0-1

[Event "TCh-CHN Division A 2014"]
[Site "Jiangmen CHN"]
[Date "2014.12.07"]
[Round "20.2"]
[Board "1"]
[White "Zhao, Zong-Yuan"]
[Black "Lou, Yiping"]
[Result "1/2-1/2"]
[WhiteTitle "GM"]
[BlackTitle "IM"]
[WhiteElo "2569"]
[BlackElo "2461"]
[WhiteTeam "Hebei"]
[BlackTeam "Shanghai"]
[WhiteFideId "3202534"]
[BlackFideId "8603928"]
[EventDate "2014.04.12"]

1. e4 e6 2. d4 d5 3. Nc3 Nf6 4. e5 Nfd7 5. f4 c5 6. Nf3 Be7 7. Be3 b6 8. Qd2 O-O
9. Nd1 a5 10. c3 a4 11. Bd3 Ba6 12. Bc2 a3 13. b3 Nc6 14. Nf2 cxd4 15. Nxd4 Nxd4
16. Bxd4 f6 17. exf6 Bxf6 18. O-O-O Rc8 19. Kb1 Qc7 20. g3 e5 21. fxe5 Bxe5 22.
Nd3 Bxd4 23. cxd4 Bxd3 24. Bxd3 Qd6 25. Rhe1 Nf6 26. Re2 Rfe8 27. Rde1 Rxe2 28.
Rxe2 Ne4 29. Bxe4 dxe4 30. Rxe4 Qg6 31. Qd3 Rc3 32. Qxc3 Qxe4+ 33. Qc2 Qe1+ 34.
Qc1 Qe4+ 35. Qc2 Qe1+ 1/2-1/2

[Event "TCh-CHN Division A 2014"]
[Site "Jiangmen CHN"]
[Date "2014.12.07"]
[Round "20.2"]
[Board "2"]
[White "Wan, Yunguo"]
[Black "Zhou, Jianchao"]
[Result "1-0"]
[WhiteTitle "IM"]
[BlackTitle "GM"]
[WhiteElo "2493"]
[BlackElo "2590"]
[WhiteTeam "Hebei"]
[BlackTeam "Shanghai"]
[WhiteFideId "8603189"]
[BlackFideId "8603537"]
[EventDate "2014.04.12"]

1. e4 c5 2. Nf3 d6 3. d4 cxd4 4. Nxd4 Nf6 5. Nc3 a6 6. Bg5 Nbd7 7. Qe2 h6 8. Bh4
g6 9. O-O-O e5 10. Nb3 Be7 11. Qd2 Qc7 12. f3 b5 13. a3 Bb7 14. Bxb5 axb5 15.
Nxb5 Qc6 16. Nxd6+ Kf8 17. Na5 Qxd6 18. Qxd6 Bxd6 19. Nxb7 Be7 20. Rd3 g5 21.
Bg3 Ra7 22. Nd6 Bxd6 23. Rxd6 Nh5 24. Bf2 Rc7 25. Rhd1 Ke7 26. Be1 Nc5 27. R6d5
Nf4 28. Rxe5+ Kf6 29. Rf5+ Kg6 30. Rd6+ Nce6 31. Ba5 Rcc8 32. Rd2 h5 33. g3 Nh3
34. Bc3 Rxc3 35. bxc3 Ra8 36. Rd7 f6 37. Rd6 Re8 38. a4 Nf2 39. Kd2 h4 40. gxh4 1-0

[Event "TCh-CHN Division A 2014"]
[Site "Jiangmen CHN"]
[Date "2014.12.07"]
[Round "20.2"]
[Board "3"]
[White "Wang, Rui"]
[Black "Ni, Hua"]
[Result "1-0"]
[WhiteTitle "GM"]
[BlackTitle "GM"]
[WhiteElo "2394"]
[BlackElo "2677"]
[WhiteTeam "Hebei"]
[BlackTeam "Shanghai"]
[WhiteFideId "8601003"]
[BlackFideId "8601160"]
[EventDate "2014.04.12"]

1. e4 c5 2. Nf3 e6 3. d4 cxd4 4. Nxd4 Nc6 5. c4 d6 6. Nb5 Nf6 7. N1c3 a6 8. Na3
Be7 9. Be2 O-O 10. O-O b6 11. Be3 Bb7 12. f3 Ne5 13. Qe1 Nfd7 14. Kh1 Rc8 15.
Rc1 h5 16. Qf2 Bh4 17. Qg1 Qc7 18. h3 Ng6 19. b4 Bg3 20. Rfd1 Nf4 21. Bf1 h4 22.
Nab1 Nh5 23. Ne2 f5 24. exf5 Rxf5 25. Nd2 Rcf8 26. Bf2 Ne5 27. Nxg3 Nxg3+ 28.
Bxg3 hxg3 29. Qe3 Qc6 30. Kg1 Kh8 31. b5 Qc7 32. bxa6 Bxa6 33. c5 Bxf1 34. cxb6
Qb7 35. Rxf1 Rb8 36. Rb1 Qa6 37. f4 Nd3 38. Qxg3 Nc5 39. Nf3 Ne4 40. Qh4+ Kg8
41. Rb2 Qa3 42. Re2 d5 43. Kh2 Qd6 44. Rxe4 dxe4 45. Ng5 Rxg5 46. Qxg5 Rxb6 47.
Qg6 Rb4 48. Kh1 e3 49. f5 Qd3 50. Qxe6+ Kh7 51. Re1 Rb1 52. Qg6+ Kg8 53. Qe8+
Kh7 54. Rxb1 Qxb1+ 55. Kh2 Qd3 56. Qg6+ Kh8 57. Qe8+ Kh7 58. Qe7 Kg8 59. Qe8+
Kh7 60. Qh5+ Kg8 61. Kg1 Qb1+ 62. Kh2 Qb8+ 63. Kg1 Qb1+ 64. Kh2 Qb5 65. Qg6 e2
66. Qe6+ Kh7 67. Kg3 Qd3+ 68. Kf2 Qc2 69. Qxe2 Qxf5+ 70. Kg3 Qg6+ 71. Kh2 Qd6+
72. Kh1 Qa3 73. Qc2+ g6 74. Qb3 Qc1+ 75. Kh2 Qf4+ 76. Qg3 Qc4 77. a3 Qd4 78. Qb8
Kh6 79. Qc7 Kg5 80. Qe7+ Kh6 81. Qb4 Qe5+ 82. Kg1 Qe3+ 83. Kf1 Qd3+ 84. Kf2 Qf5+
85. Kg3 Qg5+ 86. Kf3 Qd5+ 87. Qe4 Qd1+ 88. Kg3 Qb3+ 89. Qf3 Qe6 90. a4 Qe1+ 91.
Kh2 Qb4 92. Qg4 Qb8+ 93. Qg3 Qb4 94. Qe3+ Kh7 95. Qa7+ Kh6 96. a5 Qf4+ 97. Kh1
Qc1+ 98. Qg1 Qa3 99. Qe1 Kh7 100. Qe5 Qc1+ 101. Kh2 Qc6 102. Qa1 Qa6 103. Qa3
Kg7 104. Qb2+ Kh7 105. Qb6 Qc4 106. Qd6 Qa4 107. a6 Kh6 108. Qf6 Kh7 109. Qf7+
Kh6 110. a7 Qa3 111. Qf4+ Kg7 112. Qb8 1-0

[Event "TCh-CHN Division A 2014"]
[Site "Jiangmen CHN"]
[Date "2014.12.07"]
[Round "20.2"]
[Board "4"]
[White "Zhang, Xiaowen"]
[Black "Peng, Zhaoqin"]
[Result "1-0"]
[WhiteTitle "WGM"]
[BlackTitle "GM"]
[WhiteElo "2355"]
[BlackElo "2392"]
[WhiteTeam "Shanghai"]
[BlackTeam "Hebei"]
[WhiteFideId "8603219"]
[BlackFideId "1004786"]
[EventDate "2014.04.12"]

1. e4 d6 2. d4 Nf6 3. Nc3 e5 4. Nf3 Nbd7 5. Bc4 Be7 6. Bf1 Bf8 7. Bc4 Be7 8. O-O
c6 9. a4 Qc7 10. Ba2 h6 11. Re1 Nf8 12. Nh4 g6 13. h3 Ne6 14. Nf3 a5 15. Be3 g5
16. dxe5 dxe5 17. Nd2 b6 18. Nc4 Rb8 19. Nd5 cxd5 20. exd5 Ba6 21. Nxe5 Qxe5 22.
dxe6 Qc7 23. exf7+ Kf8 24. Bd4 Rd8 25. c3 Bc4 26. Qf3 Bxa2 27. Rxe7 Qxe7 28.
Bxf6 Qxf7 29. Bxd8 Qxf3 30. gxf3 Bd5 31. Bxb6 Bxf3 32. Bxa5 Kf7 33. Bb6 g4 34.
h4 Re8 35. a5 Re2 36. b4 Rb2 37. Kh2 Rb3 38. Bd4 Ke6 39. a6 Kf5 40. Kg3 1-0

[Event "TCh-CHN Division A 2014"]
[Site "Jiangmen CHN"]
[Date "2014.12.07"]
[Round "20.2"]
[Board "5"]
[White "Ju, Wenjun"]
[Black "Zhai, Mo"]
[Result "1-0"]
[WhiteTitle "WGM"]
[BlackTitle "WIM"]
[WhiteElo "2582"]
[BlackElo "2325"]
[WhiteTeam "Shanghai"]
[BlackTeam "Hebei"]
[WhiteFideId "8603006"]
[BlackFideId "8600201"]
[EventDate "2014.04.12"]

1. d4 Nf6 2. c4 e6 3. g3 d5 4. Nf3 Be7 5. Bg2 O-O 6. O-O dxc4 7. Qc2 a6 8. a4
Bd7 9. Qxc4 Bc6 10. Bf4 a5 11. Nc3 Na6 12. Ne5 Bxg2 13. Kxg2 Nd5 14. Bd2 c6 15.
Rad1 Nb6 16. Qd3 Nb4 17. Qb1 Qxd4 18. Bf4 Qc5 19. Ne4 Qc2 20. Qxc2 Nxc2 21. Nd7
Nxd7 22. Rxd7 Rfe8 23. Rc1 Nb4 24. Rxb7 Rad8 25. Ra7 f5 26. Nc5 Bf6 27. Bc7 Rd5
28. Bxa5 Na2 29. Rc2 Rxc5 30. Rxc5 Bd4 31. Bb6 Rb8 32. a5 Nb4 33. Rc1 Bxb6 34.
axb6 Rxb6 35. Re7 1-0

[Event "TCh-CHN Division A 2014"]
[Site "Jiangmen CHN"]
[Date "2014.12.07"]
[Round "20.3"]
[Board "1"]
[White "Lu, Shanglei"]
[Black "Zhou, Jiangnan"]
[Result "1-0"]
[WhiteTitle "GM"]
[WhiteElo "2566"]
[BlackElo "2100"]
[WhiteTeam "Zhejiang"]
[BlackTeam "Qingdao Qingwei"]
[WhiteFideId "8603332"]
[BlackFideId "8609918"]
[EventDate "2014.04.12"]

1. e4 c6 2. Nc3 d5 3. Nf3 Bg4 4. h3 Bxf3 5. Qxf3 e6 6. d4 Nf6 7. Bd3 dxe4 8.
Nxe4 Nxe4 9. Bxe4 Nd7 10. Be3 Nf6 11. Bd3 Qd5 12. Qg3 h5 13. O-O h4 14. Qc7 Qd7
15. Qa5 Nd5 16. c4 Bb4 17. Qa4 Nxe3 18. fxe3 Be7 19. Qa5 Bf6 20. Rad1 Qd8 21.
Qa4 Rh5 22. Be2 Rg5 23. c5 Qc7 24. Bf3 Kf8 25. e4 Rg3 26. Kh1 Kg8 27. b4 Rd8 28.
e5 Bg5 29. Qxa7 Rd7 30. Qa8+ Rd8 31. Qa3 Qe7 32. Qd3 Bh6 33. b5 cxb5 34. Qxb5
Be3 35. Rd3 Qg5 36. Qxb7 Bf4 37. Qe4 Rb8 38. Qe2 Bc1 39. c6 Rc8 40. d5 exd5 41.
e6 d4 42. exf7+ Kf8 43. Qe6 1-0

[Event "TCh-CHN Division A 2014"]
[Site "Jiangmen CHN"]
[Date "2014.12.07"]
[Round "20.3"]
[Board "2"]
[White "Ding, Liren"]
[Black "Yu, Chaojie"]
[Result "1-0"]
[WhiteTitle "GM"]
[WhiteElo "2730"]
[BlackElo "2107"]
[WhiteTeam "Zhejiang"]
[BlackTeam "Qingdao Qingwei"]
[WhiteFideId "8603677"]
[BlackFideId "8608555"]
[EventDate "2014.04.12"]

1. d4 d5 2. c4 c6 3. Nf3 Nf6 4. e3 a6 5. Nc3 b5 6. b3 Bg4 7. Be2 e6 8. h3 Bh5 9.
O-O Bd6 10. Bb2 Nbd7 11. Ne5 Bxe2 12. Nxe2 Qc7 13. cxd5 cxd5 14. Rc1 Qb8 15.
Nxd7 Nxd7 16. e4 dxe4 17. d5 O-O 18. dxe6 Nc5 19. Nf4 Bxf4 20. Rxc5 fxe6 21. Qg4
Rf7 22. g3 Qf8 23. Rh5 Bd2 24. Qxe4 h6 25. Re5 Re8 26. Rd1 Bg5 27. Rxe6 Rxe6 28.
Qxe6 Kh7 29. Rd7 Re7 30. Rxe7 Bxe7 31. Bd4 a5 32. Qe5 Bd6 33. Qxb5 Qf3 34. Kh2
Qe4 35. Be3 Bb4 36. Qc4 Qb1 37. a4 Qf5 38. Qg4 Qd3 39. Qe6 Bd6 40. Kg2 Bb4 41.
g4 Qd1 42. h4 h5 43. Qe4+ Kg8 44. Qe6+ Kh7 45. Qf5+ Kg8 46. Qxh5 Qxb3 47. Qe8+
Kh7 48. g5 Qd5+ 49. f3 Qa2+ 50. Kh3 g6 51. Bd4 1-0

[Event "TCh-CHN Division A 2014"]
[Site "Jiangmen CHN"]
[Date "2014.12.07"]
[Round "20.3"]
[Board "3"]
[White "Lan, Zilun"]
[Black "Li, Wenxiang"]
[Result "1/2-1/2"]
[WhiteElo "2147"]
[BlackElo "1846"]
[WhiteTeam "Zhejiang"]
[BlackTeam "Qingdao Qingwei"]
[WhiteFideId "8604193"]
[BlackFideId "8609748"]
[EventDate "2014.04.12"]

1. d4 d5 2. c4 c6 3. Nf3 Nf6 4. e3 Bf5 5. Nc3 e6 6. Be2 Nbd7 7. Nh4 Bg6 8. Nxg6
hxg6 9. Qc2 Be7 10. Bd2 O-O 11. cxd5 cxd5 12. O-O Qc7 13. Rac1 Rac8 14. Qd3 Qb8
15. g3 Nb6 16. b3 Rc6 17. f3 Rfc8 18. e4 a6 19. Bf4 Qa7 20. e5 Ne8 21. Nb1 Nd7
22. Kg2 Nb8 23. a3 Bd8 24. Rcd1 Be7 25. Be3 b6 26. Rd2 Qc7 27. Bd1 Qd7 28. h4
R6c7 29. Be2 Rc1 30. Ra2 Rxf1 31. Bxf1 Nc7 32. Kg1 Nb5 33. f4 Qe8 34. Be2 Qf8
35. b4 Rc4 36. Qd2 Rc7 37. Qd3 Rc4 38. Bd1 Qc8 39. Bb3 Rc6 40. Bd2 Rc7 41. Kf2
Nc6 42. Be3 Nb8 43. Bd2 Nc6 44. Be3 Nb8 45. Bd2 1/2-1/2

[Event "TCh-CHN Division A 2014"]
[Site "Jiangmen CHN"]
[Date "2014.12.07"]
[Round "20.3"]
[Board "4"]
[White "Gao, Hanxue"]
[Black "Zhu, Jiner"]
[Result "0-1"]
[WhiteElo "1766"]
[BlackElo "1922"]
[WhiteTeam "Qingdao Qingwei"]
[BlackTeam "Zhejiang"]
[WhiteFideId "8608873"]
[BlackFideId "8608059"]
[EventDate "2014.04.12"]

1. Nf3 Nf6 2. g3 g6 3. Bg2 Bg7 4. O-O O-O 5. d3 Nc6 6. e4 e5 7. c3 d5 8. Nfd2
Be6 9. Re1 d4 10. c4 Nd7 11. a3 a5 12. b3 f5 13. exf5 gxf5 14. f4 Bf7 15. Nf3
Bh5 16. Qc2 e4 17. Ng5 Nc5 18. Bf1 Re8 19. Bb2 exd3 20. Rxe8+ Qxe8 21. Qg2 Nxb3
22. Qd5+ Kh8 23. Qxf5 Bg6 24. Qh3 Nxa1 25. f5 Qe3+ 26. Kh1 Qxg5 27. fxg6 Qxg6
28. Bxa1 Qe4+ 0-1

[Event "TCh-CHN Division A 2014"]
[Site "Jiangmen CHN"]
[Date "2014.12.07"]
[Round "20.3"]
[Board "5"]
[White "Yang, Yingxia"]
[Black "Ding, Yixin"]
[Result "0-1"]
[BlackTitle "WGM"]
[WhiteElo "1827"]
[BlackElo "2440"]
[WhiteTeam "Qingdao Qingwei"]
[BlackTeam "Zhejiang"]
[WhiteFideId "8609837"]
[BlackFideId "8602972"]
[EventDate "2014.04.12"]

1. d4 Nf6 2. c4 e6 3. Nf3 d5 4. Nc3 Bb4 5. e3 O-O 6. Bd3 c5 7. O-O Nc6 8. dxc5
Bxc5 9. a3 a5 10. Qc2 Qe7 11. b3 Bd7 12. Bb2 h6 13. Rfd1 dxc4 14. Bxc4 Rfd8 15.
Ne4 Nxe4 16. Qxe4 Be8 17. Qg4 Qf8 18. Nd4 Ne5 19. Qe2 Nxc4 20. Qxc4 Rac8 21. Qe2
e5 22. Nb5 f6 23. Rxd8 Rxd8 24. Nc3 Qf7 25. Qc2 Bc6 26. Re1 Ba7 27. a4 Qh5 28.
Ne2 Qf7 29. Bc3 Qd5 30. e4 Qd3 31. Qxd3 Rxd3 32. Bxa5 Rxb3 33. Ng3 Bxa4 34. Ra1
Bc6 35. Bc7 Bd4 36. Re1 Rb2 37. Ne2 Bc5 0-1

[Event "TCh-CHN Division A 2014"]
[Site "Jiangmen CHN"]
[Date "2014.12.07"]
[Round "20.4"]
[Board "1"]
[White "Bu, Xiangzhi"]
[Black "Xu, Xiangyu CHN"]
[Result "1-0"]
[WhiteTitle "GM"]
[WhiteElo "2707"]
[BlackElo "2277"]
[WhiteTeam "Shandong"]
[BlackTeam "Chengdu"]
[WhiteFideId "8601445"]
[BlackFideId "8608288"]
[EventDate "2014.04.12"]

1. Nf3 f5 2. g3 Nf6 3. Bg2 g6 4. O-O Bg7 5. d4 d6 6. c4 O-O 7. Nc3 Nc6 8. Nb1
Nb8 9. Nc3 Nc6 10. d5 Na5 11. Qa4 c5 12. dxc6 Nxc6 13. Rd1 Qb6 14. Qb5 Bd7 15.
Be3 Qc7 16. Nd5 Nxd5 17. Qxd5+ Kh8 18. c5 Bxb2 19. cxd6 exd6 20. Rab1 Bf6 21.
Bh6 Bg7 22. Bf4 Qc8 23. Bxd6 Be6 24. Qb5 Rd8 25. Ng5 h6 26. Nxe6 Qxe6 27. Bc5
Qe5 28. e3 Rxd1+ 29. Rxd1 Rd8 30. Rxd8+ Nxd8 31. Qd7 Ne6 32. Bd5 Kh7 33. Qxe6 1-0

[Event "TCh-CHN Division A 2014"]
[Site "Jiangmen CHN"]
[Date "2014.12.07"]
[Round "20.4"]
[Board "2"]
[White "Zhao, Jun"]
[Black "Zhao, Yuanhe"]
[Result "1-0"]
[WhiteTitle "GM"]
[WhiteElo "2578"]
[BlackElo "2137"]
[WhiteTeam "Shandong"]
[BlackTeam "Chengdu"]
[WhiteFideId "8602522"]
[BlackFideId "8609497"]
[EventDate "2014.04.12"]

1. e4 c5 2. Nf3 e6 3. d4 cxd4 4. Nxd4 Nc6 5. Nb5 d6 6. c4 Nf6 7. N1c3 a6 8. Na3
Be7 9. Be2 O-O 10. O-O b6 11. Be3 Bb7 12. Qb3 Nd7 13. Rad1 Nc5 14. Qc2 Bf6 15.
Nab1 Qc7 16. a3 Rac8 17. b4 Nd7 18. f4 Rfd8 19. Rd2 Ne7 20. Qd3 Bxc3 21. Nxc3
Nf6 22. Rfd1 d5 23. e5 Nd7 24. cxd5 Bxd5 25. Nxd5 Nxd5 26. Bf3 Ne7 27. Be2 Nd5
28. Bf3 Nb8 29. f5 Rd7 30. fxe6 fxe6 31. Bg4 Re8 32. Bd4 Nc6 33. Rc1 Qb7 34. Bb2
b5 35. Qe4 Nd8 36. Rcd1 Qb6+ 37. Bd4 Qc6 38. Bc5 a5 39. Bh5 Nf7 40. Rf1 axb4 41.
axb4 Qb7 42. Rdf2 g6 43. Bxg6 Ng5 44. Bxh7+ 1-0

[Event "TCh-CHN Division A 2014"]
[Site "Jiangmen CHN"]
[Date "2014.12.07"]
[Round "20.4"]
[Board "3"]
[White "Wen, Yang"]
[Black "Li, Di"]
[Result "1/2-1/2"]
[WhiteTitle "GM"]
[BlackTitle "FM"]
[WhiteElo "2586"]
[BlackElo "2209"]
[WhiteTeam "Shandong"]
[BlackTeam "Chengdu"]
[WhiteFideId "8602956"]
[BlackFideId "8607508"]
[EventDate "2014.04.12"]

1. d4 Nf6 2. Bg5 g6 3. Bxf6 exf6 4. c4 Bg7 5. Nc3 Bf8 6. Nb1 Bg7 7. Nc3 O-O 8.
g3 d6 9. Bg2 f5 10. e3 Nd7 11. Nge2 Nf6 12. O-O Re8 13. b4 c6 14. Qd3 Qe7 15. a4
a5 16. bxa5 Rxa5 17. Nc1 Ne4 18. Nb3 Ra7 19. a5 Nxc3 20. Qxc3 c5 21. Qd3 Be6 22.
Ra4 Qc7 23. Rd1 Ra6 24. Qc2 Bf6 25. dxc5 dxc5 26. Bd5 Rd6 27. Bxe6 fxe6 28. Rxd6
Qxd6 29. Qe2 Qc6 30. Ra2 Rd8 31. Rd2 Rxd2 32. Qxd2 1/2-1/2